Mitos y cuentos de la extrema derecha (Record no. 59486)

MARC details
000 -LEADER
campo de control de longitud fija 01685nam a2200313Ia 4500
008 - DATOS DE LONGITUD FIJA--INFORMACIÓN GENERAL
campo de control de longitud fija 240513s2024 sp 000 0 spa d
020 ## - NÚMERO INTERNACIONAL ESTÁNDAR DEL LIBRO
Número Internacional Estándar del Libro 978-84-1352-845-8
041 ## - CÓDIGO DE IDIOMA
Código de lengua del texto/banda sonora o título independiente spa
245 #0 - MENCIÓN DEL TÍTULO
Título Mitos y cuentos de la extrema derecha
Mención de responsabilidad, etc. / Steven Forti, editor
260 ## - PUBLICACIÓN, DISTRIBUCIÓN, ETC.
Lugar de publicación, distribución, etc. Madrid :
Nombre del editor, distribuidor, etc. Catarata ; Fundación 1º de Mayo,
Fecha de publicación, distribución, etc. 2024
300 ## - DESCRIPCIÓN FÍSICA
Extensión 188 p. ;
Dimensiones 22 cm
490 ## - MENCIÓN DE SERIE
Mención de serie Los libros de la Catarata ;
Designación de volumen o secuencia 970
500 ## - NOTA GENERAL
Nota general Bibliogr. final de cada capítulo
500 ## - NOTA GENERAL
Nota general Contiene: Vox. La declinación española de la extrema derecha 2.0, Steven Forti.-La amenaza del otro. Extrema derecha española e inmigración, Anna I. López Ortega.-Terrores demográficos: familia "natural" y guerras de género en Vox, Nuria Alabao.-Vox: patria y antiglobalismo, José Antonio Sanahuja y Camilo López Burian.-La historia como campo de batalla cultural, Zira Box y Jesús Casquete.-Vox contra el trabajo: una aproximación a la propuesta (anti)laboral de la extrema derecha en España, Adoración Guamán y Joaquín Pérez Rey.-¿Hacia un "populismo tradicionalista"? Vox hacia la conquista del mundo rural, Guillermo Fernández-Vázquez.-La extrema derecha ante la crisis climática y ecológica, Marina Muñoz Spanu y Javier de la Casa Sánchez
650 #0 - PUNTO DE ACCESO ADICIONAL DE MATERIA--TÉRMINO DE MATERIA
Término de materia o nombre geográfico como elemento de entrada ESPAÑA
9 (RLIN) 9
650 #0 - PUNTO DE ACCESO ADICIONAL DE MATERIA--TÉRMINO DE MATERIA
Término de materia o nombre geográfico como elemento de entrada PARTIDO POLITICO
9 (RLIN) 803
650 #0 - PUNTO DE ACCESO ADICIONAL DE MATERIA--TÉRMINO DE MATERIA
Término de materia o nombre geográfico como elemento de entrada IDEOLOGIA POLITICA
9 (RLIN) 1711
650 #0 - PUNTO DE ACCESO ADICIONAL DE MATERIA--TÉRMINO DE MATERIA
Término de materia o nombre geográfico como elemento de entrada DERECHOS HUMANOS
9 (RLIN) 2569
650 #0 - PUNTO DE ACCESO ADICIONAL DE MATERIA--TÉRMINO DE MATERIA
Término de materia o nombre geográfico como elemento de entrada DISCRIMINACION POR RAZONES DE GENERO
9 (RLIN) 16915
650 #0 - PUNTO DE ACCESO ADICIONAL DE MATERIA--TÉRMINO DE MATERIA
Término de materia o nombre geográfico como elemento de entrada CAMBIO CLIMATICO
9 (RLIN) 14743
700 1# - ENTRADA AGREGADA--NOMBRE PERSONAL
Nombre de persona ESTRADA LOPEZ, Bruno
9 (RLIN) 1558
710 ## - ENTRADA AGREGADA--NOMBRE DE ENTIDAD CORPORATIVA
Nombre de entidad corporativa o nombre de jurisdicción como elemento de entrada FUNDACION 1º DE MAYO
9 (RLIN) 18371
901 ## - ELEMENTOS DE DATOS A LOCAL LDA (RLIN)
a 1
903 ## - ELEMENTOS DE DATOS C LOCAL, LDC (RLIN)
a NO
904 ## - ELEMENTOS DE DATOS D LOCAL, LDD (RLIN)
a 000
910 ## - DATOS DE OPCIÓN DEL USUARIO (OCLC)
Datos de opción del usuario 2019
942 ## - ELEMENTOS DE ENTRADA SECUNDARIOS (KOHA)
Tipo de ítem Koha Monografía
Fuente del sistema de clasificación o colocación Clasificación Decimal Dewey
Holdings
Estatus retirado Estado de pérdida Fuente del sistema de clasificación o colocación Estado de daño No para préstamo Biblioteca de origen Biblioteca actual Fecha de adquisición Número de inventario Total de préstamos Signatura topográfica completa Código de barras Visto por última vez Precio de reemplazo Tipo de ítem Koha
    Clasificación Decimal Dewey     CENDO CENDO 13/05/2024 068054   CD-18034 2024-0793 13/05/2024 13/05/2024 Monografía